000 00503nam a2200181Ia 4500
003 Ost
005 20260507075111.0
008 260507s9999||||xx |||||||||||||| ||und||
040 _cfsecg
041 _aara
082 _a330
100 _aالببلاوي، حازم
_eمؤلف
245 0 _aدور الدولة في الاقتصاد /
_c حازم الببلاوي
260 _aالقاهرة:
_bدار الشروق,
_c1998
300 _a صفحة؛
653 _aاقتصاد
942 _cكتاب
999 _c42917
_d42917